000
00290nam a22001337a 4500
003
OSt
008
240323b |||||||| |||| 00| 0 eng d
020
_a
9788182093195
082
_a
658.45 SUB
100
_a
SUNDAR,K
245
_a
Business Communication
300
_a
519
942
_2
ddc
_c
REF
999
_c
12262
_d
12262